00847cam a2200289 a 450000100090000000300040000900500170001300800410003001000170007102000150008804000180010304200090012105000220013010000340015224500410018626000390022730000210026652100070028752600080029465000350030265000190033765000310035665000200038765000350040765100250044285600900046712452674OSt20140310184459.0010626s2002 nyu c 000 1 eng  a 2001037829 a0439559561 aDLCcDLCdDLC alcac00aPZ 7b.T2186 20031 aTaylor, Theodore,d1921-2006.10aLord of the Kill /cTheodore Taylor. aNew York :bBlue Sky Press,c2003. a246 p. :c22 cm. aG5 c700 1aCat family (Mammals)vFiction. 1aZoosvFiction. 1aBig game huntingvFiction. 1aGangsvFiction. 1aMystery and detective stories. 1aCaliforniavFiction.423Publisher descriptionuhttp://www.loc.gov/catdir/description/schol051/2001037829.html